Cộng đồng Phật giáo quốc tế với Phong trào Phật giáo miền Nam Việt Nam năm 1963 /

Guardat en:
Dades bibliogràfiques
Autor principal: Lê Thành Nam.
Format: Article
Idioma:Vietnamese
Matèries:
Etiquetes: Afegir etiqueta
Sense etiquetes, Sigues el primer a etiquetar aquest registre!
Thư viện lưu trữ: Thư viện Trường Đại học Đà Lạt
LEADER 00898nam a2200277 4500
001 DLU210196798
005 ##20210723
040 # # |a DLU  |b vie 
041 # # |a vie 
044 # # |a vn 
100 # # |a Lê Thành Nam. 
245 # # |a Cộng đồng Phật giáo quốc tế với Phong trào Phật giáo miền Nam Việt Nam năm 1963 /  |c Lê Thành Nam. 
653 # # |a 1963 
653 # # |a Phật giáo quốc tế 
653 # # |a Phật giáo Việt Nam 
653 # # |a Thích Quảng Đức 
773 # # |t Nghiên cứu Tôn giáo  |g Số 8(188), 2019, tr. 53-68 
920 # # |a Phòng Tạp chí -- Trung tâm Thông tin - Thư viện Trường Đại học Đà Lạt 
994 # # |a DLU 
900 # # |a True 
911 # # |a Hoàng Thị Huyền 
925 # # |a G 
926 # # |a A 
927 # # |a BB 
980 # # |a Thư viện Trường Đại học Đà Lạt